Poézia a próza vo filme

Bibliographic Details
Main Author: Šklovskij, Viktor Borisovič, 1893-1984 (Author)
Format: Article
Language:Slovak
Subjects:

MARC

LEADER 00000nab a2200000 a 4500
001 vtls000308438
003 SK-MaSNL
005 20260303165551.0
008 111202c1986 xo 0 slo
015 |a SNBRA19rr/mm-uuuuu 
035 |a CL0318559 
040 |a SNKBUCL  |b slo  |c SNKBUCL  |e AACR2 
041 0 |a slo 
044 |a xo  |c SK 
080 |a 791.43.01(091)  |2 1981 
080 |a 791.43  |2 1981 
080 |a 82  |2 1981 
100 1 |a Šklovskij, Viktor Borisovič,  |d 1893-1984  |4 aut  |9 223547 
245 1 0 |a Poézia a próza vo filme  |c Viktor Šklovskij 
650 0 7 |a film  |2 snkbucl  |9 1425 
650 0 7 |a literatúra  |2 snkbucl  |9 1427 
655 7 |a články zo zborníkov  |2 snkbucl  |9 166140 
773 0 |t Sovietska filmová teória dvadsiatych rokov  |d Bratislava : Slov. filmový ústav, 1986 
850 |a Slovenská národná knižnica v Martine  |a MTA001 
852 |a SNK  |b KIS3GCP 
958 |a RK 
958 |a SU 
992 |a RZB 
999 |c 2072380  |d 2074310